آ ءينے تحر ير (Record no. 167707)

MARC details
000 -LEADER
fixed length control field 00639nam a22001937a 4500
005 - DATE AND TIME OF LATEST TRANSACTION
control field 20190917132153.0
010 ## - LCCN (DPL NO)
LC control number UR-10465
020 ## - INTERNATIONAL STANDARD BOOK NUMBER
Terms of availability 120.00
International Standard Book Number -
035 ## - SYSTEM CONTROL NUMBER
System control number U-9020
037 ## - SOURCE OF ACQUISITION
Source of stock number/acquisition DBAD/PUB
Stock number -
082 ## - DEWEY DECIMAL CLASSIFICATION NUMBER
Classification number 840.8
100 ## - MAIN ENTRY--PERSONAL NAME
Personal name محسن با عشن حسر ت
245 ## - TITLE STATEMENT
Title آ ءينے تحر ير
Statement of responsibility, etc محسن با عشن حسر ت
246 ## - VARYING FORM OF TITLE
Remainder of title Aayeen-e-Tahreer Ke Urdu)
Title proper/short title by Mohsin Baeshin Hasrat
260 ## - PUBLICATION, DISTRIBUTION, ETC. (IMPRINT)
Place of publication, distribution, etc Kolkata
Name of publisher, distributor, etc Azha Publications
Date of publication, distribution, etc 2019 ء
270 ## - ADDRESS
Address 170,Keshab Chandra Sen Street
City Kolkata
Postal code 700009
Telephone number 9062155855
Fax number -
300 ## - PHYSICAL DESCRIPTION
Extent 160 ص
Dimensions 22 Cm(Hb)
942 ## - ADDED ENTRY ELEMENTS (KOHA)
Source of classification or shelving scheme Dewey Decimal Classification
Item type Urdu Bks
Classification part 840.8
Call number suffix م ح س
Holdings
Withdrawn status Lost status Not for loan Collection code Home library Current library Date acquired Source of acquisition Cost, normal purchase price Full call number Barcode Copy number Cost, replacement price Koha item type
    Not For Loan Non-fiction D.B.Act.Division D.B.Act.Division 17/09/2019 DBAD/PUB 120.00 840.8 م ح س U-9020 1 120.00 Urdu Bks

© Delhi Public Library
Hit Counter
free hit counter